[Event "Madrid San Viator op-B 29th"]
[Site "Madrid"]
[Date "2017.11.05"]
[Round "8"]
[White "Martin Claudio, Andres"]
[Black "Lavayen Torres, Leonardo"]
[Result "1-0"]
[WhiteElo "1633"]
[BlackElo "1342"]
[PlyCount "77"]
[EventDate "2017.09.17"]
[EventType "swiss"]
[EventRounds "9"]
[EventCountry "ESP"]
[SourceTitle "EXT 2019"]
[Source "ChessBase"]
[SourceDate "2018.10.10"]
[SourceVersion "1"]
[SourceVersionDate "2018.10.10"]
[SourceQuality "1"]

1. d4 Nf6 2. c4 g6 3. Nc3 Bg7 4. e4 d6 5. Nf3 Nbd7 6. Be2 0-0 7. 0-0 Re8 8. Re1 e5 9. d5 Nc5 10. Qc2 a5 11. Be3 Nh5 12. Bxc5 dxc5 13. Nd2 Nf4 14. Bf3 Qg5 15. Nf1 h5 16. Ne3 h4 17. Kh1 h3 18. g3 Nh5 19. Nb5 Re7 20. d6 cxd6 21. Nxd6 Qf6 22. Bxh5 Qxd6 23. Be2 Be6 24. Rad1 Qc6 25. Rd2 f5 26. Red1 f4 27. Nd5 Bxd5 28. Rxd5 fxg3 29. fxg3 Qf6 30. Rf1 Qc6 31. Bg4 Bh6 32. Qd3 Qb6 33. b3 a4 34. Rd6 Qb4 35. Rxg6+ Rg7 36. Rxh6 Rxg4 37. Qd5+ Kg7 38. Qf7+ Kxh6 39. Rf6+ 1-0

[Event "Madrid San Viator op-B 29th"]
[Site "Madrid"]
[Date "2017.11.01"]
[Round "7"]
[White "Gallego Romero, Manuel"]
[Black "Martin Claudio, Andres"]
[Result "0-1"]
[WhiteElo "1475"]
[BlackElo "1633"]
[PlyCount "72"]
[EventDate "2017.09.17"]
[EventType "swiss"]
[EventRounds "9"]
[EventCountry "ESP"]
[SourceTitle "EXT 2019"]
[Source "ChessBase"]
[SourceDate "2018.10.10"]
[SourceVersion "1"]
[SourceVersionDate "2018.10.10"]
[SourceQuality "1"]

1. e4 e5 2. Bc4 Nc6 3. Nf3 Be7 4. Nc3 Nf6 5. d3 0-0 6. h3 d6 7. 0-0 a6 8. a3 Re8 9. Nd5 Nxd5 10. Bxd5 Bf6 11. Nh2 Ne7 12. Ba2 Ng6 13. Ng4 Bg5 14. Qf3 Rf8 15. g3 Bxc1 16. Raxc1 Qg5 17. Kg2 h5 18. Qe3 Nf4+ 19. gxf4 exf4 20. Qd4 hxg4 21. Rg1 f3+ 22. Kh1 Qh6 23. Rg3 Qxc1+ 24. Kh2 Qh6 25. b4 gxh3 26. Rxf3 Be6 27. c4 f5 28. exf5 Rxf5 29. Rxf5 Bxf5 30. c5+ Kh8 31. Bd5 dxc5 32. bxc5 Rd8 33. Qc4 Rxd5 34. Qxd5 Qf4+ 35. Kg1 Qg4+ 36. Kf1 Qd1# 0-1

[Event "Madrid San Viator op-B 29th"]
[Site "Madrid"]
[Date "2017.10.22"]
[Round "5"]
[White "Murillo Paz, Pedro"]
[Black "Martin Claudio, Andres"]
[Result "0-1"]
[WhiteElo "1471"]
[BlackElo "1633"]
[PlyCount "66"]
[EventDate "2017.09.17"]
[EventType "swiss"]
[EventRounds "9"]
[EventCountry "ESP"]
[SourceTitle "EXT 2019"]
[Source "ChessBase"]
[SourceDate "2018.10.10"]
[SourceVersion "1"]
[SourceVersionDate "2018.10.10"]
[SourceQuality "1"]

1. e4 e5 2. Nf3 Nc6 3. Nc3 Nf6 4. Bc4 Be7 5. d4 d6 6. d5 Nb8 7. Be3 0-0 8. Qd2 a6 9. h4 b5 10. Bd3 c5 11. dxc6 Nxc6 12. Nd5 Nxd5 13. exd5 Nb8 14. h5 f5 15. 0-0-0 f4 16. Bc5 dxc5 17. Nxe5 Qd6 18. Rde1 Bf5 19. Qe2 Bxd3 20. Qxd3 Nd7 21. Nc6 Bg5 22. Re6 f3+ 23. Kb1 fxg2 24. Rg1 Qh2 25. Ree1 Rxf2 26. d6 Raf8 27. Qd5+ Kh8 28. a3 Rf1 29. Qxg5 Qxg1 30. h6 Rxe1+ 31. Ka2 Ra1+ 32. Kb3 Rf3+ 33. c3 Qd1# 0-1

[Event "Madrid San Viator op-B 29th"]
[Site "Madrid"]
[Date "2017.09.24"]
[Round "2"]
[White "Martin Claudio, Andres"]
[Black "Baranco Gonzalez, Nicolas"]
[Result "1-0"]
[WhiteElo "1633"]
[BlackElo "1455"]
[PlyCount "46"]
[EventDate "2017.09.17"]
[EventType "swiss"]
[EventRounds "9"]
[EventCountry "ESP"]
[SourceTitle "EXT 2019"]
[Source "ChessBase"]
[SourceDate "2018.10.10"]
[SourceVersion "1"]
[SourceVersionDate "2018.10.10"]
[SourceQuality "1"]

1. d4 d5 2. c4 dxc4 3. e3 e5 4. d5 Bb4+ 5. Nc3 Bxc3+ 6. bxc3 c6 7. Bxc4 Nf6 8. dxc6 Qxd1+ 9. Kxd1 Nxc6 10. f3 0-0 11. Ne2 e4 12. f4 Na5 13. Bb3 Bg4 14. h3 Bxe2+ 15. Kxe2 Nh5 16. Rd1 Nxb3 17. axb3 Ng3+ 18. Kf2 Nf5 19. Rd7 g6 20. Rxb7 Rac8 21. c4 Rfd8 22. Raxa7 Rd3 23. Ra2 Rxb3 1-0